000 00803nam a2200265Ia 4500
008 160803s9999 xx 000 0 und d
020 _a9780439250771
100 _aAda, Alma Flor
245 _aGathering the sun :
245 _ban alphabet in Spanish and English /
245 _cAlma Flor Ada ; illustrated by Simon Silva ; english translation by Rosa Zubizarreta.
260 _aNew York :
260 _bScholastic Inc.
260 _c1997
300 _a1 volume (unpaged) :
300 _bcolor illustrations ;
300 _c29 cm
500 _aIn Spanish and English.
650 _aAgricultural laborers --
650 _aChildren's poetry, Hispanic American (Spanish)
650 _aSpanish language --
650 _xAlphabet.
650 _xJuvenile poetry.
700 _a590
999 _c299654
_d299654